Ο οδηγός της Microsoft για την Microsoft Access 2 for Windows

Αποθηκεύτηκε σε:
Λεπτομέρειες βιβλιογραφικής εγγραφής
Κύριος συγγραφέας: Viescas, John, 1947-
Μορφή: Βιβλίο
Γλώσσα:Greek
English
Δημοσίευση: Αθήνα : Κλειδάριθμος, c1994.
Θέματα:
Ετικέτες: Προσθήκη ετικέτας
Δεν υπάρχουν, Καταχωρήστε ετικέτα πρώτοι!

MARC

LEADER 00000cam a2200000 i 4500
001 1/26720
008 970618s1994 gr | ||| |||| ||gre||
020 |a 9603320277 
035 |l 10022725 
040 |a GR-MyUa  |b gre  |e AACR2 
041 1 |a gre  |h eng 
082 0 |a 005.7565   |2 (22) 
100 1 |a Viescas, John,   |d 1947- 
245 1 2 |a Ο οδηγός της Microsoft για την Microsoft Access 2 for Windows /   |c John L. Viescas.  
260 |a Αθήνα :   |b Κλειδάριθμος,   |c c1994.  
300 |a 908 σ. ;   |c 24 εκ. +   |e 1 δισκέτα 
500 |a Μετάφραση του: Running Microsoft Access 2 for Windows. 
500 |a Περιλαμβάνει ευρετήριο.  
630 0 0 |a Microsoft Access. 
852 |a INST  |b CHIOS  |e 19970618  |h 005.7565 VIE  |p 005200003807  |q 005200003807  |t BK  |y 0 
852 |a INST  |b RHODES  |e 19980601  |h 005.7565 VIE  |p 005400006439  |q 005400006439  |t BK  |y 0 
852 |a INST  |b RHODES  |e 19980601  |h 005.7565 VIE   |p 005400005937  |q 005400005937  |t BK  |y 0 
901 |a BIBL-1998-2 
922 |a 4ΕΛΗ  |b 199711  |c ΤΣΟΛΑΚΙΔΗΣ  |d EMVASIS